| 000 | 00572nam a22001695i 4500 | ||
|---|---|---|---|
| 001 | 54011 | ||
| 003 | ES-MaACL | ||
| 005 | 20230906162855.0 | ||
| 007 | t| | ||
| 008 | 960710s1875 po ||||1| por d | ||
| 040 |
_aCAM _bspa _cCAM |
||
| 100 | 1 |
_aFerreira Lapa, Joâo Ignacio. _950387 |
|
| 245 | 1 | 0 |
_aChimica agricola ou Estudo analytico dos terrenos, das plantas e dos estrumes / _cpor Joâo Ignacio Ferreira Lapa. |
| 260 |
_aLisboa : _b[s.n.], _c1875 ( _ftypographia da Academia Real das Sciencias) |
||
| 300 |
_aXI, 508, [1] p. ; _c22 cm. |
||
| 852 |
_aES-MaACL _jG-7667 |
||
| 999 |
_c54011 _d54011 |
||